Normal view
MARC view
Entry Personal Name
001 - CONTROL NUMBER
- control field: 4485
003 - CONTROL NUMBER IDENTIFIER
- control field: OSt
005 - DATE AND TIME OF LATEST TRANSACTION
- control field: 20150430192343.0
008 - FIXED-LENGTH DATA ELEMENTS
- fixed length control field: 150430|| aca||aabn | a|a d
040 ## - CATALOGING SOURCE
- Original cataloging agency: OSt
- Transcribing agency: OSt
100 ## - HEADING--PERSONAL NAME
- Personal name: Dean Pauline
670 ## - SOURCE DATA FOUND
- Source citation: Work cat.: (OSt): Dean Pauline, Practical care of Sick children :, 1996.
